| 000 | 01086nam a22003371i 4500 | ||
|---|---|---|---|
| 999 |
_c283 _d283 |
||
| 001 | 019862437 | ||
| 003 | UkOxU | ||
| 005 | 20190805110105.0 | ||
| 008 | 140114r20142008enka 000 0 eng|d | ||
| 015 |
_aGBB425880 _2bnb |
||
| 016 | 7 |
_a016644628 _2Uk |
|
| 020 | _a9781781313244 (pbk.) : | ||
| 035 | _a(Uk)016644628 | ||
| 040 |
_aStDuBDS _beng _erda _cStDuBDS _dUk |
||
| 042 | _aukblsr | ||
| 082 | 0 | 4 |
_a510 EAS _223 |
| 100 | 1 |
_aEastaway, Robert, _eauthor. |
|
| 245 | 1 | 0 |
_aHow many socks make a pair? : _bsurprisingly interesting everyday maths / _cRob Eastaway ; with illustrations by Barbara Shore. |
| 264 | 1 |
_aLondon : _bAurum Press, _c2014. |
|
| 300 |
_a174 pages : _billustrations ; _c20 cm |
||
| 336 |
_atext _2rdacontent |
||
| 336 |
_astill image _2rdacontent |
||
| 337 |
_aunmediated _2rdamedia |
||
| 338 |
_avolume _2rdacarrier |
||
| 500 | _aOriginally published: London: JR, 2008. | ||
| 500 |
_aFormerly CIP. _5Uk |
||
| 650 | 0 |
_aMathematics _vPopular works. |
|
| 700 | 1 |
_aShore, Barbara, _d1950- _eillustrator. |
|
| 942 |
_2ddc _cNFIC |
||